000 00422nam a2200181Ia 4500
005 20240823061824.0
008 240823s9999||||xx |||||||||||||| ||und||
041 _aENGLISH
082 _A822.33 Q2
100 _aWilliam Shakespeare
245 0 _aKing Henry the Fourth First Part
250 _a1st
260 _c2012
_bSurjeet Publica
500 _aYES
650 _aStory
_bEnglish
942 _cBK
999 _c234435
_d234435